000 00533nam a22001817a 4500
005 20250527123012.0
010 _aENG-145001
020 _c995.00
_a9789381005828
035 _aEN-128533
037 _bDBAD
082 _a630
100 _aKarande,A. S.
_981405
245 _aGreen House Farming/
_cA.S. Karande
_bProduction and Marketing
260 _aJaipur
_bRaj publishing House
_c2013
270 _bJaipur
_a44,Parnami Mandir, Govnd Marg
_e302004
300 _a255 p.
_c22cm(hb)
942 _2ddc
_cEN
_h630
_mKAR
999 _c211419
_d211419